| 000 | 01728nam a2200517 i 4500 | ||
|---|---|---|---|
| 001 | 44870 | ||
| 003 | KOSZ 005 | ||
| 005 | 20240405063147.0 | ||
| 008 | 040614s2004 pl a f f |001 0 pol | ||
| 015 | _aPB 2004/11659 | ||
| 020 | _a8389355302 | ||
| 035 | _a991023936739705066 | ||
| 035 | _a(PL-WaBN)b16540050-48omnis_nlop | ||
| 035 | _ab16540050 | ||
| 035 | _a(OCoLC)749248866 | ||
| 035 | _a(PL)b0000001654005 | ||
| 035 | _a(EXLNZ-48OMNIS_NETWORK)9910402798805606 | ||
| 040 |
_aWA N _cWA N _dKOSZ 005/HR |
||
| 041 | 0 | _apol | |
| 046 | _k2004 | ||
| 080 | _a336.7 | ||
| 080 | _a(075.8) | ||
| 100 | 1 |
_aGruszecki, Tomasz _d(1945- ) _eAutor |
|
| 245 | 1 | 0 |
_aTeoria pieniądza i polityka pieniężna : _brys historyczny i praktyka gospodarcza / _cTomasz Gruszecki. |
| 260 |
_aKraków : _bOficyna Ekonomiczna. Oddział Polskich Wydawnictw Profesjonalnych, _c2004. |
||
| 300 |
_a324 s. : _btab., wykr. ; _c24 cm. |
||
| 336 |
_2edcontent _aTekst _btxt |
||
| 337 |
_2rdamedia _aBez urządzenia pośredniczącego _bn |
||
| 338 |
_2rdacarrier _aWolumin _bnc |
||
| 380 | _aKsiążki | ||
| 380 | _aPublikacje dydaktyczne | ||
| 385 |
_mPoziom nauczania _aSzkoły wyższe |
||
| 388 | _a2001- | ||
| 504 | _aBibliogr. s. 317-320 i przy rozdz. Indeks. | ||
| 648 | _a1901-2000 | ||
| 648 | _a2001- | ||
| 650 | 7 |
_aPieniądz _2DBN |
|
| 650 | 7 |
_aPolityka pieniężna _2DBN |
|
| 655 | 7 |
_aPodręczniki akademickie _2DBN |
|
| 658 | _aGospodarka, ekonomia, finanse | ||
| 648 | _a1945-1989 | ||
| 648 | _a1989-2000 | ||
| 856 |
_uhttp://koha.tu.koszalin.pl/cgi-bin/koha/opac-detail.pl?biblionumber=44870 _yKatalog online BPK |
||
| 942 |
_2UKD _cKS |
||
| 999 |
_c44870 _d44870 |
||